LIBRARY & INFORMATION CENTRE, KCAET, TAVANUR

ONLINE PUBLIC ACCESS CATALOGUE (OPAC)

Design Analysis of a Manual Cassava Harvesting Tool (Record no. 17488)

MARC details
000 -LEADER
fixed length control field 00420nam a22001457a 4500
003 - CONTROL NUMBER IDENTIFIER
control field OSt
082 ## - DEWEY DECIMAL CLASSIFICATION NUMBER
Classification number 631.3
Item number OMN/DE
088 ## - REPORT NUMBER
Report number P 529
100 ## - MAIN ENTRY--AUTHOR NAME
Personal name Omnarayan
-- Swapnesh Patel
245 ## - TITLE STATEMENT
Title Design Analysis of a Manual Cassava Harvesting Tool
260 ## - PUBLICATION, DISTRIBUTION, ETC. (IMPRINT)
Place of publication K C A E T.Tavanur
Name of publisher Department of Farm Machinery & Power Engeneering
Year of publication 2021
300 ## - PHYSICAL DESCRIPTION
Number of Pages 52 pages
700 ## - ADDED ENTRY--PERSONAL NAME
Personal name Jayan , P. R (guide)
942 ## - ADDED ENTRY ELEMENTS (KOHA)
Koha item type Project Report
Holdings
Home library Current library Shelving location Full call number Accession Number Koha item type
KAUAET KAUAET Reference 631.3 OMN/DE P 529 Project Report
free website counter